Sports Quiz

Random Sports or Football Quiz
Score 0/16 Timer 04:00
0 Plays Today
# Player/Coach % Correct
33Grant Hill
95.6%
32Christian Laettner
95%
12Thomas Hill
93.9%
11Bobby Hurley
90.6%
Head CoachMike Krzyzewski
78.2%
44Cherokee Parks
66.1%
23Brian Davis
58.7%
21Antonio Lang
52.9%
# Player/Coach % Correct
52Erik Meek
36.1%
Asst. CoachJay Bilas
35.5%
Asst. CoachTommy Amaker
31.1%
3Marty Clark
30%
Asst. CoachMike Brey
29.2%
4Kenny Blakeney
14.3%
54Christian Ast
14%
5Ron Burt
10.7%
Remove Ads.
Support Sporcle.
Get the best of Sporcle when you Go Orange. This ad-free experience offers more features, more stats, and more fun while also helping to support Sporcle. Thank you for becoming a member.

You're not logged in!

Compare scores with friends on all Sporcle quizzes.
OR
Log In

Show Comments

Extras

Top Quizzes Today


Score Distribution

Your Account Isn't Verified!

In order to create a playlist on Sporcle, you need to verify the email address you used during registration. Go to your Sporcle Settings to finish the process.

Report this User

Report this user for behavior that violates our Community Guidelines.

Details: